000 00542nam a22001817a 4500
008 131112b xxu||||| |||| 00| 0 eng d
020 _a9789616720045
041 0 _aeng
080 _a338.48
_x(496.5)(091)
100 1 _aGorica, Klodiana
245 _aCommunity based tourism :
_cKlodiana Gorica
260 _aSlovenia :
_bIEDC ;
_c2008.
300 _a103 f. :
_c21 cm.
505 _aLiterature : f. 98-103
650 0 _aTurizmi
650 0 _aTregëtia turistike
942 _2udc
_cBK
999 _c282
_d282